书目信息 |
| 题名: |
存在主义述评
|
|
| 作者: | 王克千 , 樊莘森 著 | |
| 分册: | ||
| 出版信息: | 上海 上海人民出版社 1981.05 |
|
| 页数: | 191页 | |
| 开本: | 19cm | |
| 丛书名: | ||
| 单 册: | ||
| 中图分类: | B086 | |
| 科图分类: | ||
| 主题词: | 哲学学派 , 哲学学派--研究 | |
| 电子资源: | ||
| ISBN: | ||
| 000 | 00605nam0 2200217 45 | |
| 001 | 0206021483 | |
| 005 | 20051111112110.79 | |
| 010 | @dCNY0.51 | |
| 091 | @a2074.374 | |
| 100 | @a20020602d1981 km y0chiy0120 ea | |
| 101 | 0 | @achi |
| 200 | 1 | @a存在主义述评@ACun Zai Zhu Yi Shu Ping@f王克千,樊莘森著@FWang Ke Qian,Fan Shen Sen Zhu |
| 210 | @a上海@c上海人民出版社@d1981.05 | |
| 215 | @a191页@d19cm | |
| 606 | 0 | @a哲学学派 |
| 606 | 0 | @a哲学学派@x研究 |
| 690 | @aB086@v3 | |
| 701 | 0 | @a王克千@4著 |
| 701 | 0 | @a樊莘森@4著 |
| 801 | @aCN@bTSTC@c20051111 | |
| 905 | @dB086@e3@f1@b52321@b52323@f1@f3@b173602-604 | |
| 存在主义述评/王克千,樊莘森著.-上海:上海人民出版社,1981.05 |
| 191页;19cm |
| ISBN :CNY0.51 |
| ● |
| 相关链接 |
|
|
|
|
正题名:存在主义述评
索取号:B086/3
 
预约/预借
| 序号 | 登录号 | 条形码 | 馆藏地/架位号 | 状态 | 备注 |
| 1 | 0052319 | 001798433 | 密集书库/ [索取号:B086/3] | 在馆 | |
| 2 | 0052320 | 001146012 | 密集书库/ [索取号:B086/3] | 在馆 | |
| 3 | 0052321 | 001146021 | 密集书库/ [索取号:B086/3] | 在馆 | |
| 4 | 0052322 | 202164273 | 密集书库/ [索取号:B086/3] | 在馆 | |
| 5 | 0052323 | 001129004 | 第一借阅区/ [索取号:B086/3] | 在馆 | |
| 6 | 0061915 | 001827312 | 密集书库/ [索取号:B086/3] | 在馆 | |
| 7 | 0061916 | 202139603 | 密集书库/ [索取号:B086/3] | 在馆 | |
| 8 | 0173602 | 001146003 | 第一样本阅览室/ [索取号:B086/3] | 在馆 | |
| 9 | 0173603 | 001129013 | 密集书库/ [索取号:B086/3] | 在馆 | |
| 10 | 0173604 | 001115304 | 密集书库/ [索取号:B086/3] | 在馆 | |
| 11 | 0231066 | 001782529 | 密集书库/ [索取号:B086/3] | 在馆 | |
| 12 | 0231067 | 001782510 | 密集书库/ [索取号:B086/3] | 在馆 | |
| 13 | 0231068 | 001782477 | 密集书库/ [索取号:B086/3] | 在馆 |